Structural Analysis (Record no. 554046)

000 -LEADER
fixed length control field 00396nam a22001457a 4500
082 ## - DEWEY DECIMAL CLASSIFICATION NUMBER
Classification number 624.171
Author Mark GUP
100 ## - MAIN ENTRY--PERSONAL NAME
Personal name Gupta, S P
9 (RLIN) 42368
245 ## - TITLE STATEMENT
Title Structural Analysis
Remainder of title A matrix approach
250 ## - EDITION STATEMENT
Edition statement 2nd edition
260 ## - PUBLICATION, DISTRIBUTION, ETC.
Place of publication, distribution, etc. New Delhi,
Name of publisher, distributor, etc. McGraw Hill,
Date of publication, distribution, etc. 2008.
300 ## - PHYSICAL DESCRIPTION
Extent 593p.
526 ## - STUDY PROGRAM INFORMATION NOTE
Program name 0
Interest level 0
Reading level 0
Title point value 624_171000000000000_GUP
526 ## - STUDY PROGRAM INFORMATION NOTE
Program name 0
Interest level 1
Reading level 0
Title point value 624_171000000000000_GUP
942 ## - ADDED ENTRY ELEMENTS (KOHA)
Source of classification or shelving scheme
Koha item type Book
Holdings
Withdrawn status Lost status Source of classification or shelving scheme Damaged status Not for loan Permanent Location Current Location Date acquired Total Checkouts Full call number Barcode Date last seen Price effective from Koha item type Date last checked out
          Military College of Engineering (MCE) Military College of Engineering (MCE) 03/05/2018   624.171 GUP MCE-50580 03/05/2018 03/14/2021 Book  
          Military College of Engineering (MCE) Military College of Engineering (MCE) 03/05/2018 1 624.171 GUP MCE-50581 03/15/2018 03/14/2021 Book 03/15/2018
© 2023 Central Library, National University of Sciences and Technology. All Rights Reserved.